Administración y estado en la España moderna / (Record no. 182143)

MARC details
000 -LEADER
campo de control de longitud fija 01180nam a2200313 i 4500
001 - NÚMERO DE CONTROL
campo de control 182143
003 - IDENTIFICADOR DE NÚMERO DE CONTROL
campo de control ES-MaACL
005 - FECHA Y HORA DE LA ÚLTIMA TRANSACCIÓN
campo de control 20231219062540.0
008 - DATOS DE LONGITUD FIJA--INFORMACIÓN GENERAL
campo de control de longitud fija 130620s2002 sp | |||| ||spa d
020 ## - NÚMERO INTERNACIONAL ESTÁNDAR DEL LIBRO
Número Internacional Estándar del Libro 84-9718-092-5
080 ## - NÚMERO DE LA CLASIFICACIÓN DECIMAL UNIVERSAL
Número de la Clasificación Decimal Universal 342.5(460)"15/18"
080 ## - NÚMERO DE LA CLASIFICACIÓN DECIMAL UNIVERSAL
Número de la Clasificación Decimal Universal 35(460)"15/18"
100 1# - ENTRADA PRINCIPAL--NOMBRE DE PERSONA
Nombre de persona Escudero, José Antonio.
9 (RLIN) 47686
245 10 - MENCIÓN DEL TÍTULO
Título Administración y estado en la España moderna /
Mención de responsabilidad, etc. José Antonio Escudero.
250 ## - MENCION DE EDICION
Mención de edición 2ª ed.
260 ## - PUBLICACIÓN, DISTRIBUCIÓN, ETC.
Lugar de publicación, distribución, etc. [Valladolid] :
Nombre del editor, distribuidor, etc. Consejería de Educación y Cultura,
Fecha de publicación, distribución, etc. 2002.
300 ## - DESCRIPCIÓN FÍSICA
Extensión 638 p. ;
Dimensiones 25 cm.
490 1# - MENCIÓN DE SERIE
Mención de serie Estudios de historia
504 ## - NOTA DE BIBLIOGRAFÍA, ETC.
Nota de bibliografía, etc. Incluye referencias bibliográficas.
650 #4 - PUNTO DE ACCESO ADICIONAL DE MATERIA--TÉRMINO DE MATERIA
Término de materia o nombre geográfico como elemento de entrada Instituciones políticas-
Subdivisión geográfica España-
Subdivisión cronológica S.XVI-XVIII.
9 (RLIN) 141902
650 #4 - PUNTO DE ACCESO ADICIONAL DE MATERIA--TÉRMINO DE MATERIA
Término de materia o nombre geográfico como elemento de entrada Instituciones políticas-
Subdivisión geográfica España-
Subdivisión cronológica S.XIX.
9 (RLIN) 152926
651 #4 - PUNTO DE ACCESO ADICIONAL DE MATERIA--NOMBRE GEOGRÁFICO
Nombre geográfico España-
Subdivisión general Administración-
Subdivisión cronológica S.XVI-XVIII.
9 (RLIN) 152927
651 #4 - PUNTO DE ACCESO ADICIONAL DE MATERIA--NOMBRE GEOGRÁFICO
Nombre geográfico España-
Subdivisión general Administración-
Subdivisión cronológica S.XIX.
9 (RLIN) 138846
830 0# - PUNTO DE ACCESO ADICIONAL DE SERIE-TÍTULO UNIFORME
Título uniforme Estudios de historia
9 (RLIN) 179197
852 ## - LOCALIZACIÓN
Ubicación ES-MaACL
Número de control de estantería A-12711
itemnumber 189054
Sublocalización o colección R.148825
Ubicación en estantería Depósito 1
Signatura antigua Olim: N-5711
Encuadernación Donación: José Luis Abellán
903 ## - NOMBRE PERSONAL DE DONANTE
a Abellán, José Luis,
d 1933-2023
e Donante
q 1
9 176509
942 ## - ELEMENTOS DE ENTRADA SECUNDARIOS (KOHA)
Fuente del sistema de clasificación o colocación Clasificación decimal universal
Tipo de ítem Koha Libro impreso
Holdings
Estatus retirado Estado de pérdida Fuente del sistema de clasificación o colocación Estado de daño No para préstamo Biblioteca de origen Biblioteca actual Ubicación en estantería Fecha de adquisición Fuente de adquisición Total de préstamos Signatura topográfica completa Código de barras Visto por última vez Precio de reemplazo Tipo de ítem Koha
    Clasificación decimal universal     Biblioteca del Ateneo de Madrid Biblioteca del Ateneo de Madrid Depósito 1 20/06/2013 Donación   A-12711 1191412 23/02/2023 23/02/2023 Libro impreso